| Tag |
First Indicator |
Second Indicator |
Subfields |
| LEADER |
00000cam a2200000 4500 |
| 001 |
in00000058359 |
| 005 |
20151008051528.0 |
| 008 |
721102s1961 nyua b 00000 eng u |
| 010 |
|
|
|a 61012227
|
| 035 |
|
|
|a (OCoLC)00484608
|
| 035 |
|
|
|9 AAG8480AM
|
| 040 |
|
|
|c WSU
|d TXA
|d UtOrBLW
|
| 049 |
|
|
|a TXAM
|c [336923]
|
| 050 |
|
0 |
|a F1414
|b .B455
|
| 092 |
|
|
|a 309.18
|b B478v
|
| 100 |
1 |
|
|a Benton, William,
|d 1900-1973.
|
| 245 |
1 |
4 |
|a The voice of Latin America.
|
| 250 |
|
|
|a [1st ed.].
|
| 264 |
|
1 |
|a New York :
|b Harper,
|c [1961]
|
| 300 |
|
|
|a 204 pages
|
| 336 |
|
|
|a text
|b txt
|2 rdacontent
|
| 337 |
|
|
|a unmediated
|b n
|2 rdamedia
|
| 338 |
|
|
|a volume
|b nc
|2 rdacarrier
|
| 504 |
|
|
|a Includes bibliography.
|
| 651 |
|
0 |
|a Latin America
|x Social conditions.
|
| 651 |
|
0 |
|a Latin America
|x Politics and government
|y 1948-1980.
|
| 999 |
|
|
|a MARS
|
| 999 |
f |
f |
|s 4d5459f7-d464-35c9-84e7-2ef3083db504
|i fcf6c732-a5ed-32d4-8eae-ad705213f7b3
|t 0
|
| 952 |
f |
f |
|p normal
|a Texas A&M University
|b College Station
|c Sterling C. Evans Library
|d Evans: Library Stacks
|t 0
|e F1414 .B455
|h Library of Congress classification
|i unmediated -- volume
|m A14800651010
|
| 998 |
f |
f |
|a F1414 .B455
|t 0
|l Evans: Library Stacks
|